000 00548nam a2200229Ia 4500
003 OSt
005 20220924143853.0
006 a|||||r|||| 00| 0
007 ta
008 ASM
024 _a310584
037 _cTextual
040 _aARTS
_cARTS
_bASM
041 _2ASM
_aASM
082 _aO158,6M82x, L3
100 _aSarmah Durgeswar
_9216780
245 0 _aPrabandha - Bitan
260 _c1973
650 _aASSAMESE LITERATURE
_911738
942 _hO158,6M82x, L3
_cTEXL
_2CC
999 _c455710
_d455710